| 000 | 00564nam a2200205 a 4500 | ||
|---|---|---|---|
| 005 | 20210223133723.0 | ||
| 008 | 190117s2016 mx r 000 0 spa d | ||
| 020 | _a9786078511174 | ||
| 035 | _aUPN01000228441 | ||
| 049 | _aCG | ||
| 050 | 4 |
_aHD2346 M6 _bC4.6 |
|
| 100 | 1 |
_aCerro, Juan del _942528 |
|
| 245 | 1 | 3 |
_aEl emprendimiento social / _cJuan del Cerro. |
| 260 |
_aMéxico : _bIztaccihuatl, _cc2016. |
||
| 300 |
_a67 p. : _bil. |
||
| 650 | 4 |
_aMICROEMPRESAS - _zMEXICO _96454 |
|
| 650 | 4 |
_aEMPRESARIOS - _zMEXICO _920805 |
|
| 905 | _aLibro | ||
| 999 |
_c200536 _d200536 |
||